000 00711nam a2200253 i 4500
001 33626
003 ES-MaACL
005 20230906154807.0
007 t|
008 030202s1983 sp |||| | spa d
080 _a39(=947.5)
100 1 _aBirket-Smith, Kaj.
_928972
245 1 4 _aLos esquimales /
_cKaj Birket-Smith ; [traducción de Francisco Payarols].
250 _a1ª ed.
260 _aBarcelona :
_bLabor,
_c1983.
300 _a290 p. ;
_c18 cm.
490 1 _aPunto omega ;
_v269
504 _aBibliografía: p. 281-291.
650 4 _aInuit.
_9146693
700 1 _aPayarols, Francisco.
_989715
830 0 _aPunto omega ;
_v269
_9180707
852 _aES-MaACL
_jL-4729
999 _c33626
_d33626